[Event "Arximiro Penide Cedeira Memorial"]
[Site "Arteixo"]
[Date "2007.07.30"]
[Round "7"]
[White "Lopez Lopez, Alfredo"]
[Black "Permuy Lorenzo, Carlos Javier"]
[Result "0-1"]
[WhiteElo "2042"]
[BlackElo "2326"]
[PlyCount "44"]
[EventDate "2007.07.26"]
[EventType "swiss"]
[EventRounds "9"]
[EventCountry "ESP"]
[SourceTitle "CBM 119 Extra"]
[Source "ChessBase"]
[SourceDate "2007.09.04"]
[SourceVersion "1"]
[SourceVersionDate "2007.09.04"]
[SourceQuality "1"]

1. e4 c5 2. Nf3 d6 3. d4 cxd4 4. Nxd4 Nf6 5. Nc3 g6 6. Nde2 Nc6 7. g3 b6 8. Bg2 Ba6 9. 0-0 Rc8 10. Re1 Bg7 11. Nf4 0-0 12. Nfd5 Nxd5 13. Nxd5 Ne5 14. Nb4 Bb7 15. Qe2 Re8 16. f4 a5 17. Nd5 Nc4 18. c3 e6 19. Ne3 Nxb2 20. Qxb2 Bxc3 21. Qa3 Bb4 22. Qd3 g5 0-1

[Event "Arximiro Penide Cedeira Memorial"]
[Site "Arteixo"]
[Date "2007.07.29"]
[Round "6"]
[White "Starostits, Ilmars"]
[Black "Lopez Lopez, Alfredo"]
[Result "1-0"]
[WhiteElo "2497"]
[BlackElo "2042"]
[PlyCount "63"]
[EventDate "2007.07.26"]
[EventType "swiss"]
[EventRounds "9"]
[EventCountry "ESP"]
[SourceTitle "CBM 119 Extra"]
[Source "ChessBase"]
[SourceDate "2007.09.04"]
[SourceVersion "1"]
[SourceVersionDate "2007.09.04"]
[SourceQuality "1"]

1. e4 e6 2. d4 d5 3. Nc3 Nf6 4. Bg5 Be7 5. e5 Nfd7 6. h4 a6 7. Qg4 Kf8 8. f4 c5 9. dxc5 Nc6 10. 0-0-0 Nxc5 11. Nf3 b5 12. Nd4 Nxd4 13. Rxd4 Ra7 14. Rh3 b4 15. Rxb4 h5 16. Bxe7+ Qxe7 17. Qg5 Qc7 18. Rg3 g6 19. Bd3 Rg8 20. Qh6+ Ke8 21. Kb1 Qe7 22. Qg5 Qc7 23. a3 Nd7 24. Bb5 a5 25. Bxd7+ Bxd7 26. Nb5 Bxb5 27. Rxb5 Rb7 28. Rc3 Qb8 29. Rxb7 Qxb7 30. f5 exf5 31. Qf6 Qd7 32. Rb3 1-0